Basil of Caesarea /
المؤلف الرئيسي:
التنسيق: كتاب
اللغة: English
منشور في:
Berkeley, CA :
University of California Press,
c1994.
سلاسل:
The transformation of the classical heritage ;
20.
الموضوعات:
الوسوم: إضافة وسم
رقم الطلب: BR1720 .B3 R68 1994
| LEADER | 01609namaa2200313 4500 | ||
|---|---|---|---|
| 001 | 11968 | ||
| 003 | OSt | ||
| 005 | 20240804071547.0 | ||
| 008 | 130303s1994 caub b 001 0beng d | ||
| 952 | |0 0 |1 0 |2 lcc |4 0 |6 BR1720 B3 R68 01994 |7 1 |9 15766 |a ARCE |b ARCE |d 2021-06-02 |l 0 |o BR1720 .B3 R68 1994 |p 1010091 |r 2021-06-02 00:00:00 |w 2021-06-02 |y BK | ||
| 999 | |c 12240 |d 12240 | ||
| 010 | |a 93003552 | ||
| 020 | |a 0520082389 | ||
| 040 | |c ARCE Library | ||
| 043 | |a a-tu--- | ||
| 050 | 4 | |a BR1720 .B3 R68 1994 | |
| 100 | 1 | |a Rousseau, Philip, |e author |9 38730 | |
| 245 | 1 | 0 | |a Basil of Caesarea / |c Philip Rousseau. |
| 264 | 1 | |a Berkeley, CA : |b University of California Press, |c c1994. | |
| 300 | |a xix, 412 pages : |b map ; |c 25 cm. | ||
| 490 | 1 | |a The transformation of the classical heritage ; |v 20. | |
| 504 | |a Includes bibliographical references and index. | ||
| 505 | 0 | |a I. A Cappadocian Family II. Athens III. The Philosophic Life IV. Eunomius V. City and Church VI. The Ascetic Writings VII. Eustathius and Other Friends VIII. Basil on the World Stage IX. 'We Seek the Ancient Fatherland' Appendices I: Valens's Visits to Caesarea Appendices II: The Formation of the Asceticon Appendices III: The Date of Basil's Death and of the Hexaemeron Bibliography: Supplement: The Numbering of the Homilies. | |
| 600 | 0 | 0 | |a Basil, |c Saint, Bishop of Caesarea, |d approximately 329-379. |
| 650 | 0 | |a Bishops |z Turkey |v Biography | |
| 650 | 0 | |a Christian saints |z Turkey |v Biography. | |
| 830 | 4 | |a The transformation of the classical heritage ; |v 20. | |
| 901 | |a reviewed | ||
| 942 | |c BK |2 lcc | ||
